000 00888nam a2200253Ia 4500
003 OSt
005 20221005112632.0
006 a|||||r|||| 00| 0
007 ta
008 221004b |||||||| |||| 00| 0 pan d
020 _a9789380427227 (hbk)
_c400
024 _a14534
037 _b827, 14/03/2014, H.K. Prakashan
_cTextual
040 _aCRL
_cCRL
_bpan
041 _2pan
_apan
082 _aO153,1NALx, Q3
100 _aਸਿੰਘ, ਜਸਵਿੰਦਰਪਾਲ
245 0 _aਜੀਵਨ ਦੀ ਆ॥ਰੀ ਮੰਗ਼ਿਲ
260 _aਜਲੰਧਰ
_bਸੁੰਦਰ ਬੁੱਕ ਡਿਪੋ ਭਾਰਤ
_c2013
300 _a224ਪੰ
_ccm.
650 _aਪੰਜਾਬੀ ਸਾਹਿਤ
942 _hO153,1NALx, Q3
_cTEXL
_2cc
999 _c1025470
_d1025470